Normal view
MARC view
- RIZWAN,SAMIULLAH
Entry Personal Name
001 - CONTROL NUMBER
- control field: 72149
003 - CONTROL NUMBER IDENTIFIER
- control field: NUST
005 - DATE AND TIME OF LATEST TRANSACTION
- control field: 20210628204741.0
008 - FIXED-LENGTH DATA ELEMENTS
- fixed length control field: 210628|| aca||aabn | a|a d
040 ## - CATALOGING SOURCE
- Original cataloging agency: NUST
- Transcribing agency: NUST
100 ## - HEADING--PERSONAL NAME
- Personal name: RIZWAN,SAMIULLAH
670 ## - SOURCE DATA FOUND
- Source citation: Work cat.: (NUST): RIZWAN,SAMIULLAH, PR-SOF-1117-IMPLEMENTATION OF G & M CODES ON A PROTOTYPE 4-AXIS CNC MILLING MACHINE, 2011
